书目信息 |
| 题名: |
一二·一运动史料选编
|
|
| 作者: | 一二·一运动史编写组编 | |
| 分册: | 下册 | |
| 出版信息: | 昆明 云南人民出版 1980 |
|
| 页数: | 288页 | |
| 开本: | 21cm | |
| 丛书名: | ||
| 单 册: | ||
| 中图分类: | K266.510.6 | |
| 科图分类: | ||
| 主题词: | 一二一惨案(1945)--史料 | |
| 电子资源: | ||
| ISBN: | ||
| 000 | 00604nam0 2200217 45 | |
| 001 | 0180000604 | |
| 005 | 20060728171206.89 | |
| 010 | @dCNY0.78 | |
| 091 | @aCN@b3116.396 | |
| 100 | @a19950221d1980 em y0chiy0121 ea | |
| 101 | 0 | @achi |
| 102 | @aCN@b530000 | |
| 105 | @ay z 000yy | |
| 200 | 10 | @a一二·一运动史料选编@Ayi er yi yun dong shi liao xuan bian@h下册@f一二·一运动史编写组编 |
| 210 | @a昆明@c云南人民出版@d1980 | |
| 215 | @a288页@d21cm | |
| 606 | @a一二一惨案(1945)@x史料 | |
| 690 | @aK266.510.6@v3 | |
| 801 | 2 | @aCN@bNLC@c20060728 |
| 801 | 0 | @aCN@bTSSF |
| 905 | @a10447@dK266.510.6@e44:2 | |
| 一二·一运动史料选编.下册/一二·一运动史编写组编.-昆明:云南人民出版,1980 |
| 288页;21cm |
| ISBN :CNY0.78 |
| ● |
| 相关链接 |
|
|
|
|
正题名:一二·一运动史料选编
索取号:K266.510.6/44:2
 
预约/预借
| 序号 | 登录号 | 条形码 | 馆藏地/架位号 | 状态 | 备注 |
| 1 | 0443794 | 204437948 | 密集书库/ [索取号:K266.510.6/44:2] | 在馆 |